[Event "Salon de Provence op 6th"]
[Site "Salon de Provence"]
[Date "2015.07.04"]
[Round "4"]
[White "Jeanjean, Dominique"]
[Black "Jullien, Patrick"]
[Result "1-0"]
[WhiteElo "2077"]
[BlackElo "1553"]
[PlyCount "47"]
[EventDate "2015.07.04"]
[EventType "swiss"]
[EventRounds "9"]
[EventCountry "FRA"]
[SourceTitle "EXT 2016"]
[Source "ChessBase"]
[SourceDate "2015.10.08"]
[SourceVersion "1"]
[SourceVersionDate "2015.10.08"]
[SourceQuality "1"]

1. e4 e5 2. Nf3 Nc6 3. Bb5 a6 4. Ba4 Nf6 5. 0-0 Be7 6. Re1 b5 7. Bb3 0-0 8. a4 Bb7 9. c3 d6 10. d4 Re8 11. Ng5 Rf8 12. Nf3 Re8 13. axb5 axb5 14. Rxa8 Qxa8 15. Na3 Qa6 16. Ng5 Rf8 17. f4 Ba8 18. Nxf7 Rxf7 19. Bxf7+ Kxf7 20. Qb3+ Kf8 21. fxe5 dxe5 22. Qe6 Bd6 23. Rf1 exd4 24. Rxf6+ 1-0

[Event "FRA-ch op-C"]
[Site "Nimes"]
[Date "2009.08.12"]
[Round "2"]
[White "Siauve, Julien"]
[Black "Jullien, Patrick"]
[Result "0-1"]
[WhiteElo "1678"]
[BlackElo "1786"]
[PlyCount "60"]
[EventDate "2009.08.11"]
[EventType "swiss"]
[EventRounds "11"]
[EventCountry "FRA"]
[SourceTitle "EXT 2011"]
[Source "ChessBase"]
[SourceDate "2010.11.26"]
[SourceVersion "1"]
[SourceVersionDate "2010.11.26"]
[SourceQuality "1"]

1. e4 d6 2. d4 e5 3. dxe5 dxe5 4. Qxd8+ Kxd8 5. Bc4 f6 6. Nc3 Bc5 7. Bd2 Bd7 8. f3 Ne7 9. 0-0-0 a6 10. a3 Nbc6 11. f4 Bd6 12. f5 b5 13. Ba2 Nd4 14. Nf3 c5 15. Nd5 Nxd5 16. Bxd5 Rb8 17. c3 Nc6 18. Be3 Ke7 19. g4 h6 20. Nh4 Rhd8 21. Rd2 b4 22. Rhd1 bxa3 23. Ng6+ Ke8 24. Ba2 axb2+ 25. Kb1 Nd4 26. cxd4 cxd4 27. Bf2 Ba4 28. Rf1 Ba3 29. Bd5 Rdc8 30. Ka2 Rc1 0-1

[Event "FRA-ch op-C"]
[Site "Aix les Bains"]
[Date "2007.08.14"]
[Round "1"]
[White "Cidolit, Nathaniel"]
[Black "Jullien, Patrick"]
[Result "1/2-1/2"]
[WhiteElo "1620"]
[BlackElo "1786"]
[PlyCount "45"]
[EventDate "2007.08.13"]
[EventType "swiss"]
[EventRounds "11"]
[EventCountry "FRA"]
[SourceTitle "CBM 120 Extra"]
[Source "ChessBase"]
[SourceDate "2007.11.01"]
[SourceVersion "1"]
[SourceVersionDate "2007.11.01"]
[SourceQuality "1"]

1. c4 Nf6 2. Nc3 e6 3. g3 d5 4. cxd5 exd5 5. Bg2 Be7 6. Nf3 0-0 7. d4 c6 8. 0-0 Bg4 9. Qb3 Qb6 10. Ne5 Qxb3 11. axb3 Bf5 12. Na4 Nbd7 13. Bg5 Rfe8 14. Nxd7 Nxd7 15. Bxe7 Rxe7 16. Rfe1 Rae8 17. e3 a6 18. b4 Nf6 19. Rac1 Ne4 20. Nc5 Nd6 21. h3 Nc4 22. b3 Nd6 23. b5 1/2-1/2

[Event "Meyreuil Promotion 0405"]
[Site "Meyreuil"]
[Date "2005.04.09"]
[Round "9"]
[White "Jullien, Patrick"]
[Black "Alpe, Jean Charles"]
[Result "1/2-1/2"]
[WhiteElo "1700"]
[BlackElo "1490"]
[PlyCount "80"]
[EventDate "2004.10.16"]
[EventType "tourn"]
[EventRounds "9"]
[EventCountry "FRA"]
[SourceTitle "EXT 2008"]
[Source "ChessBase"]
[SourceDate "2007.11.25"]
[SourceVersion "1"]
[SourceVersionDate "2007.11.25"]
[SourceQuality "1"]

1. e4 e5 2. Nf3 Nf6 3. Nxe5 d6 4. Nf3 Nxe4 5. d4 d5 6. Bd3 Be7 7. 0-0 Nc6 8. c4 0-0 9. cxd5 Qxd5 10. Re1 Bf5 11. Qe2 Nf6 12. Nc3 Qd7 13. Bf4 Bxd3 14. Qxd3 Bd6 15. Bg5 Nb4 16. Qe2 Rae8 17. Ne5 Bxe5 18. dxe5 Nfd5 19. Nxd5 Nxd5 20. Rad1 Re6 21. Qc4 c6 22. f4 Rfe8 23. Bh4 f6 24. exf6 Rxe1+ 25. Bxe1 gxf6 26. Qd4 b6 27. Bh4 Kf7 28. Bxf6 Qf5 29. Be5 Rg8 30. Qd3 Ke6 31. Qxf5+ Kxf5 32. Rf1 Nb4 33. a3 Nd5 34. h3 h5 35. Rf2 Rg6 36. Bb8 a6 37. Be5 b5 38. Bb8 Re6 39. Be5 Rg6 40. Bb8 Re6 1/2-1/2

[Event "Meyreuil Promotion 0405"]
[Site "Meyreuil"]
[Date "2005.01.15"]
[Round "5"]
[White "Gozzo, Jean Claude"]
[Black "Jullien, Patrick"]
[Result "1-0"]
[WhiteElo "1590"]
[BlackElo "1700"]
[PlyCount "91"]
[EventDate "2004.10.16"]
[EventType "tourn"]
[EventRounds "9"]
[EventCountry "FRA"]
[SourceTitle "EXT 2008"]
[Source "ChessBase"]
[SourceDate "2007.11.25"]
[SourceVersion "1"]
[SourceVersionDate "2007.11.25"]
[SourceQuality "1"]

1. d4 d5 2. c4 e6 3. Nc3 Nf6 4. Bg5 Nbd7 5. Nf3 Be7 6. e3 c6 7. Bd3 0-0 8. 0-0 dxc4 9. Bxc4 Nd5 10. Bxe7 Qxe7 11. Nxd5 exd5 12. Bd3 Nf6 13. Ne5 Be6 14. Rc1 Ne4 15. Qc2 f6 16. Nf3 Bg4 17. Bxe4 Qxe4 18. Qxe4 dxe4 19. Nd2 Be2 20. Rfe1 Bd3 21. Rc5 Rfd8 22. Rec1 Rd7 23. R1c3 Rad8 24. f3 Rd5 25. fxe4 Rxc5 26. Rxc5 Re8 27. e5 fxe5 28. dxe5 Kf7 29. Kf2 Ke6 30. Nb3 Rf8+ 31. Kg3 Ke7 32. Nd4 Be4 33. b4 Bd5 34. b5 Bxa2 35. bxc6 bxc6 36. Rxc6 Re8 37. Ra6 Bc4 38. Rxa7+ Kd8 39. Ra8+ Kd7 40. Rxe8 Kxe8 41. Nf5 Kf8 42. Kf4 Bd5 43. g4 Kf7 44. e4 Be6 45. h4 Bc4 46. Nd6+ 1-0

[Event "Provence-ch prom Vitrolles 9900"]
[Site "France"]
[Date "2000.??.??"]
[Round "5"]
[White "Cogno, Sebastien"]
[Black "Jullien, Patrick"]
[Result "1/2-1/2"]
[WhiteElo "1490"]
[BlackElo "1520"]
[PlyCount "53"]
[EventDate "1999.??.??"]
[EventType "tourn"]
[EventRounds "9"]
[EventCountry "FRA"]
[SourceTitle "EXT 2005"]
[Source "ChessBase"]
[SourceDate "2004.11.15"]
[SourceVersion "1"]
[SourceVersionDate "2004.11.15"]
[SourceQuality "1"]

1. Nf3 Nf6 2. b3 g6 3. Bb2 Bg7 4. e3 d6 5. Be2 0-0 6. 0-0 e5 7. d3 Nc6 8. Nbd2 Be6 9. c4 Qd7 10. a3 h6 11. d4 exd4 12. Nxd4 Nxd4 13. Bxd4 Nh7 14. Bxg7 Kxg7 15. Bf3 d5 16. cxd5 Bxd5 17. Nc4 Nf6 18. Bxd5 Qxd5 19. Qxd5 Nxd5 20. Rac1 f5 21. Rfd1 Rad8 22. g3 Rfe8 23. h3 Kf6 24. Rd4 Rd7 25. Na5 c6 26. b4 Red8 27. Rcd1 1/2-1/2

[Event "Provence-ch prom Vitrolles 9900"]
[Site "France"]
[Date "1999.??.??"]
[Round "3"]
[White "Gouiran, Serge"]
[Black "Jullien, Patrick"]
[Result "1-0"]
[WhiteElo "1550"]
[BlackElo "1540"]
[PlyCount "95"]
[EventDate "1999.??.??"]
[EventType "tourn"]
[EventRounds "9"]
[EventCountry "FRA"]
[SourceTitle "EXT 2005"]
[Source "ChessBase"]
[SourceDate "2004.11.15"]
[SourceVersion "1"]
[SourceVersionDate "2004.11.15"]
[SourceQuality "1"]

1. e4 e6 2. d4 d5 3. Nc3 dxe4 4. Nxe4 Nd7 5. Nf3 Ngf6 6. Bd3 Nxe4 7. Bxe4 Nf6 8. Bd3 Be7 9. 0-0 0-0 10. c3 b6 11. Re1 Bb7 12. Ne5 Qd5 13. f3 c5 14. Be3 Rad8 15. Bf2 Ba8 16. Qc2 cxd4 17. Bxd4 Rc8 18. Qf2 Rfd8 19. Qh4 Bc5 20. Bxc5 Qxc5+ 21. Qf2 Qxf2+ 22. Kxf2 Rd5 23. Bc2 Rd2+ 24. Re2 Rcd8 25. Nc4 Rxe2+ 26. Kxe2 Kf8 27. Rd1 Rxd1 28. Bxd1 Ke7 29. Bc2 Nd5 30. g3 Bc6 31. Ne3 Nxe3 32. Kxe3 f5 33. f4 Kf6 34. Kd4 h6 35. c4 g5 36. b4 gxf4 37. gxf4 a6 38. c5 b5 39. Bd1 Bd5 40. a4 Bc6 41. axb5 axb5 42. Be2 Be8 43. Bf3 Bd7 44. c6 Bc8 45. Be2 Ba6 46. c7 Ke7 47. Bxb5 Bc8 48. Ke5 1-0